| 000 | 00461 a2200157 4500 | ||
|---|---|---|---|
| 040 |
_aDLC _bDLC |
||
| 082 | _a301 | ||
| 100 | _a Hodges, Harold M. | ||
| 245 |
_aConflict and Consensus: An introduction to Sociology _cHarold M.Hodges |
||
| 250 | _a2nd ed | ||
| 260 |
_a Islamabad: _bNational Book Foundation. |
||
| 300 |
_axv, 558 p. _bill. _c 26 cm |
||
| 500 | _aIncludes bibliographical references and index | ||
| 650 | _aSociology. | ||
| 942 |
_cBK _k 301 HOD _2ddc |
||
| 999 |
_c7061 _d7061 |
||